[Event "Washington Open Championship"]
[Site "Lynnwood, WA"]
[Date "2015.05.23"]
[Round "1"]
[White "Kirlin Patrick  (WA)"]
[Black "Zhang Cheyenne  (WA)"]
[Result "1-0"]
[WhiteElo "1438"]
[BlackElo "1547"]
[Annotator ""]
[Source ""]
[Remark "Reserve"]

1.d4 d5 2.c4 e6 3.Nc3 Nf6 4.Bg5 Be7 5.Nf3 c6 6.e3 O-O 7.Bd3 Nbd7
8.O-O Re8 9.Ne5 Nxe5 10.dxe5 Nd7 11.Bxe7 Rxe7 12.f4 Qb6 13.Qd2
f6 14.Na4 Qc7 15.exf6 Nxf6 16.Qc2 e5 17.cxd5 cxd5 18.Qxc7 Rxc7
19.fxe5 Ng4 20.Rae1 Nxe5 21.Bf5 Bxf5 22.Rxf5 Re8 23.Nc3 Rd7 24.h3
d4 25.exd4 Nf3+ 26.Rxf3 Rxe1+ 27.Kf2 Re6 28.d5 Re5 29.g4 b5 30.b4
Re8 31.Rd3 Rc8 32.a4 bxa4 33.Nxa4 Rc4 34.Nc5 Rd6 35.Nb7 Rd7 36.Nc5
Rd8 37.d6 Rxb4 38.d7 Rb6 39.Re3 Kf7 40.Ra3 Rc6 41.Ra5 Ke7 42.Ke3
Rb8 43.Kd4 Rb4+ 44.Kd5 Rd6+ 45.Ke5 Rg6 46.d8Q+ Kxd8 47.Ne6+ Ke7
48.Rxa7+ Ke8 49.Nxg7+ Kf8 50.Ne6+ Kg8 51.Ra8+ Kf7 52.Ra7+ Ke8
53.Ra8+ Ke7 54.Ra7+ Ke8 55.Nc7+ Kd8 56.Ne6+ Kc8 57.Rc7+ Kb8 58.Rc5
Rb3 59.Kd5 Rxh3 60.Nf4 Rg5+ 61.Ke6 Rh6+ 62.Kf7 Rxc5 63.Ne6 Ra5
64.g5 Ra7+ 65.Kg8 Rxe6 66.g6 Re8# 1-0

[Event "Washington Open Championship"]
[Site "Lynnwood, WA"]
[Date "2015.05.23"]
[Round "1"]
[White "Sohal Tanraj  (CAN)"]
[Black "He Anthony  (WA)"]
[Result "1-0"]
[WhiteElo "2347"]
[BlackElo "2029"]
[Annotator ""]
[Source ""]
[Remark "Open"]

1.d4 d5 2.c4 e6 3.Nc3 Nf6 4.Bg5 Be7 5.cxd5 Nxd5 6.Bxe7 Qxe7 7.Rc1
O-O 8.Nf3 Nxc3 9.Rxc3 c6 10.e3 Nd7 11.Bc4 b6 12.O-O Bb7 13.Qe2
a6 14.Rfc1 Rfd8 15.Bd3 c5 16.Bb1 Rac8 17.a3 g6 18.h3 cxd4 19.Nxd4
Rxc3 20.Rxc3 Rc8 21.Rxc8+ Bxc8 22.b4 Bb7 23.Bd3 b5 24.Qc2 Qd6
25.Be2 e5 26.Nb3 Qc6 27.Qxc6 Bxc6 28.f3 f5 29.Kf2 Kf7 30.Ke1
Ke6 31.Kd2 Kd6 32.g3 Bd5 33.Kc3 Kc6 34.f4 Bxb3 35.Kxb3 e4 36.Kc3
Nb6 37.Kd4 Kd6 38.g4 Nd5 39.g5 Nb6 40.h4 Nd5 41.h5 Nb6 42.h6
Nd5 43.Bd1 Ne7 44.Bb3 Nc6+ 45.Kc3 Ne7 46.Bf7 Nd5+ 47.Kd4 Ne7
48.Be8 Nc6+ 49.Kc3 Ne7 50.Bf7 Nd5+ 51.Kd2 Ne7 52.Kc2 Kc7 53.Kb3
Kb6 54.Be8 Kc7 55.a4 bxa4+ 56.Kxa4 Kd8 57.Bf7 Kc7 58.Kb3 Kb6
59.Kc4 Kc6 60.Be8+ Kc7 61.Kc5 Kd8 62.Bf7 Kc7 63.Bd5 Nc8 64.Bg8
Kd7 65.Bxh7 Ne7 66.Bg8 Nxg8 67.h7 Ne7 68.h8Q {The remaining twelve moves are illegible.}
 1-0

[Event "Washington Open Championship"]
[Site "Lynnwood, WA"]
[Date "2015.05.23"]
[Round "1"]
[White "Raptis Nick  (OR)"]
[Black "Moroney Timothy  (WA)"]
[Result "0-1"]
[WhiteElo "2384"]
[BlackElo "2034"]
[Annotator ""]
[Source ""]
[Remark "Open"]

1.d4 Nf6 2.c4 c5 3.d5 b5 4.cxb5 a6 5.Nc3 axb5 6.e4 b4 7.Nb5 d6
8.Bc4 Nbd7 9.Nf3 Nb6 10.Bd3 g6 11.Qe2 Bg7 12.O-O O-O 13.Bg5 Bg4
14.h3 Bxf3 15.Qxf3 c4 16.Bb1 Qd7 17.Nd4 Nfxd5 18.Rd1 Nc7 19.Be3
Na4 20.Qe2 Ne6 21.Nf5 Bxb2 22.Nh6+ Kh8 23.Bc2 Bxa1 24.Rxa1 Qb5
25.Qf3 f6 26.Qg4 Ng7 27.f4 b3 28.axb3 cxb3 29.Rb1 Nc5 30.f5 Ra2
31.fxg6 hxg6 32.Qxg6 Rxc2 33.Nf5 Nxf5 34.exf5 Rxg2+ 35.Kxg2 Rg8 0-1

[Event "Washington Open Championship"]
[Site "Lynnwood, WA"]
[Date "2015.05.23"]
[Round "1"]
[White "Munsey Michael  (WA)"]
[Black "Rajesh Anirudh  (WA)"]
[Result "1-0"]
[WhiteElo "1342"]
[BlackElo "1007"]
[Annotator ""]
[Source ""]
[Remark "Booster"]

1.d4 d5 2.c4 c6 3.Nf3 Nf6 4.cxd5 cxd5 5.Nc3 Nc6 6.Bg5 h6 7.Bh4
Ne4 8.Qc2 Qa5 9.e3 Bd7 10.Bd3 Nb4 11.Qd1 Nxd3+ 12.Qxd3 Rc8 13.O-O
Nxc3 14.bxc3 Bb5 15.Qf5 e6 16.Qf4 Bxf1 17.Ne5 Qc7 18.Kxf1 g5
19.Qf6 Rg8 20.Bg3 Qe7 21.Qf3 Rxc3 22.Rb1 Qa3 23.Qxf7+ Kd8 24.Qd7# 1-0

[Event "Washington Open Championship"]
[Site "Lynnwood, WA"]
[Date "2015.05.24"]
[Round "1"]
[White "Sinanan Joshua  (WA)"]
[Black "Yu Justin  (WA)"]
[Result "1/2-1/2"]
[WhiteElo "2271"]
[BlackElo "1965"]
[Annotator ""]
[Source ""]
[Remark "Open -- Two Day"]

1.Nf3 Nf6 2.c4 d6 3.d4 g6 4.Nc3 Bg7 5.e4 O-O 6.h3 e5 7.d5 Ne8
8.g4 f5 9.gxf5 gxf5 10.Bd3 f4 11.a3 Rf6 12.Nh4 Rh6 13.Nf5 Bxf5
14.exf5 Qh4 15.Bd2 Nf6 16.Qf3 Nbd7 17.O-O-O Nc5 18.Bc2 a6 19.Kb1
Kh8 20.Rdg1 Rg8 21.Ne2 Bf8 22.Rxg8+ Kxg8 23.Qg2+ Kf7 24.Ng1 e4
25.b4 f3 26.Nxf3 exf3 27.Qxf3 Nce4 28.Bf4 Nxf2 29.Rh2 Rh5 30.Qxf2
Qxf2 31.Rxf2 Rxh3 32.Ka2 Bh6 33.Rh2 1/2-1/2

[Event "Washington Open Championship"]
[Site "Lynnwood, WA"]
[Date "2015.05.23"]
[Round "2"]
[White "Moroney Timothy  (WA)"]
[Black "Roper David  (WA)"]
[Result "0-1"]
[WhiteElo "2034"]
[BlackElo "2262"]
[Annotator ""]
[Source ""]
[Remark "Open"]

1.c4 f5 2.g3 Nf6 3.Bg2 d6 4.Nc3 g6 5.d3 Bg7 6.e3 e5 7.Nge2 a5
8.a3 O-O 9.O-O Nc6 10.Rb1 Ne7 11.b4 axb4 12.axb4 Rb8 13.d4 e4
14.d5 g5 15.Nd4 Ng6 16.Bb2 Qe7 17.Qe2 g4 18.Qc2 Ne5 19.Nce2 Nh5
20.h3 Nf3+ 21.Bxf3 gxf3 22.Nf4 Nxf4 23.gxf4 Rf6 24.Kh2 Rg6 25.Rg1
Kf7 26.Qa4 Bd7 27.Qa1 Rg8 28.Rxg6 hxg6 29.Rg1 Bf6 30.Qa2 g5 31.c5
gxf4 32.Rxg8 Kxg8 33.Qa8+ Kh7 34.Qa1 fxe3 0-1

[Event "Washington Open Championship"]
[Site "Lynnwood, WA"]
[Date "2015.05.25"]
[Round "5"]
[White "Tu Robin  (WA)"]
[Black "Varner Murlin  (WA)"]
[Result "1-0"]
[WhiteElo "1672"]
[BlackElo "1639"]
[Annotator ""]
[Source ""]
[Remark "Reserve"]

1.e4 e6 2.d4 d5 3.e5 Nc6 4.Bb5 Bd7 5.Ne2 a6 6.Bxc6 Bxc6 7.Be3
Be7 8.Qd2 f6 9.f4 Nh6 10.Nbc3 O-O 11.O-O-O Nf5 12.g4 Nxe3 13.Qxe3
fxe5 14.dxe5 b6 15.Nd4 Bd7 16.Nf3 c5 17.Ne2 Bb5 18.Ng3 d4 19.Qe4
Qc7 20.Nh5 Bc6 21.Qe2 g6 22.Nf6+ Bxf6 23.exf6 Qxf4+ 24.Kb1 Qxf3
( 24...Bxf3 25.Qxe6+ Kh8 26.Rhf1 Rxf6 ) 25.Qxe6+ Rf7 26.Rhf1
Qd5 27.Qxd5 Bxd5 28.c3 Be4+ 29.Kc1 dxc3 30.bxc3 Raf8 31.Rd6 Rb8
32.Rf4 Bg2 33.h4 a5 34.h5 g5 35.Rf2 Bh3 36.h6 b5 {??}
( 36...Bxg4 ) 37.Rf5 Rbf8 38.Rxg5+ Kh8 39.Rxc5 Bxg4 40.Rxb5 Rxf6
{??} 41.Rxf6 1-0

[Event "Washington Open Championship"]
[Site "Lynnwood, WA"]
[Date "2015.05.23"]
[Round "2"]
[White "Sinanan Joshua  (WA)"]
[Black "Raptis Nick  (OR)"]
[Result "0-1"]
[WhiteElo "2271"]
[BlackElo "2384"]
[Annotator ""]
[Source ""]
[Remark "Open"]

1.d4 Nf6 2.c4 g6 3.g3 Bg7 4.Bg2 O-O 5.Nc3 c5 6.d5 d6 7.Nf3 e6
8.O-O exd5 9.cxd5 a6 10.a4 Re8 11.Nd2 Nbd7 12.h3 Rb8 13.Nc4 Nb6
14.Na3 Bd7 15.a5 Nc8 16.Nc4 Bb5 17.Qb3 Bxc4 18.Qxc4 b5 19.axb6
Nxb6 20.Qd3 a5 21.Bd2 Nfd7 22.Rfb1 c4 23.Qc2 Nc5 24.Rxa5 Nb3
25.Ra6 Qc8 26.Ra3 Nd4 27.Qd1 Nd7 28.Ne4 Nb5 29.Ra5 Qc7 30.Ra6
Ne5 31.Rba1 Qb7 32.Bc3 Qe7 33.R1a5 Red8 34.Qa4 Nxc3 35.bxc3 f5
36.Ra7 Nd7 37.Ng5 Bxc3 38.Ne6 Bxa5 39.Qxa5 Rdc8 40.Qa4 Nb6 41.Qa1
Ra8 42.Rxa8 Rxa8 43.Qd4 Qa7 44.Kh2 Rc8 45.Qe3 c3 46.Nd4 c2 47.Nc6
Qa1 48.f4 c1Q 49.Qxb6 Qg7 50.h4 Qc5 51.Qb3 Re8 52.Bf3 Qa1 53.h5
Qcg1+ 54.Kh3 Qh1+ 55.Bxh1 Qxh1# 0-1

[Event "Washington Open Championship"]
[Site "Lynnwood, WA"]
[Date "2015.05.23"]
[Round "2"]
[White "Doknjas Joshua  (CAN)"]
[Black "Eversole Joseph  (WA)"]
[Result "1-0"]
[WhiteElo "2032"]
[BlackElo "1900"]
[Annotator ""]
[Source ""]
[Remark "Open"]

1.e4 Nf6 2.e5 Nd5 3.d4 d6 4.c4 Nb6 5.exd6 cxd6 6.Nc3 g6 7.Be3
Bg7 8.Rc1 Nc6 9.b3 O-O 10.Be2 e5 11.dxe5 dxe5 12.c5 Nd7 13.Nb5
a6 14.Nd6 Nd4 15.b4 Nb8 16.Bc4 Qe7 17.Bxf7+ Kh8 18.Nxc8 Rxc8
19.Bc4 Nbc6 20.a3 Rd8 21.Qg4 Bf6 22.Ne2 Nxe2 23.Qxe2 Rd7 24.O-O
Rad8 25.Qg4 Nd4 26.Rfe1 Qg7 27.a4 Nf5 28.b5 Nxe3 29.fxe3 Rd2
30.bxa6 bxa6 31.Bxa6 Qe7 1-0

[Event "Washington Open Championship"]
[Site "Lynnwood, WA"]
[Date "2015.05.23"]
[Round "2"]
[White "Pupols Viktors  (WA)"]
[Black "Krasin Jeremy  (WA)"]
[Result "1-0"]
[WhiteElo "2207"]
[BlackElo "1938"]
[Annotator ""]
[Source ""]
[Remark "Open"]

1.d4 e6 2.g3 f5 3.Bg2 Nf6 4.Nd2 d5 5.Nh3 Bd6 6.Nf3 c6 7.Bf4 Ne4
8.c3 Nd7 9.Bxd6 Nxd6 10.Nf4 Nf6 11.Ne5 O-O 12.Nfd3 Nfe4 13.f3
Ng5 14.Qc2 Ngf7 15.O-O-O a5 16.Nxf7 Rxf7 17.Ne5 Rc7 18.e4 c5
19.dxc5 Rxc5 20.exd5 exd5 21.Rhe1 Qf6 22.Nd3 Rb5 23.Nf4 Nc4 24.Nxd5
Qh6+ 25.f4 Rxb2 26.Qd3 Be6 27.Re2 Rxe2 28.Qxe2 Nd6 29.Nc7 Bc4
30.Qe7 Qxh2 31.Qxd6 Qxg2 32.Nxa8 Qxa2 33.Qb8+ Kf7 34.Qxb7+ Kg6
35.Qb2 Qa4 36.Nb6 Qc6 37.Nxc4 1-0

[Event "Washington Open Championship"]
[Site "Lynnwood, WA"]
[Date "2015.05.23"]
[Round "2"]
[White "Arganian David (WA)"]
[Black "Gottumukkala Ananth  (WA)"]
[Result "0-1"]
[WhiteElo "2015"]
[BlackElo "1636"]
[Annotator ""]
[Source ""]
[Remark "Open"]

1.e4 d6 2.d4 Nf6 3.Nc3 g6 4.Be3 Bg7 5.f3 O-O 6.Qd2 e5 7.O-O-O
exd4 8.Bxd4 Be6 9.h4 Nc6 10.Be3 Re8 11.Bh6 Bh8 12.Nh3 Ne5 13.Nd5
b5 14.Nhf4 c6 15.Nxe6 Rxe6 16.Nf4 Re8 17.h5 Qb6 18.hxg6 fxg6
19.Be2 Nc4 20.Bxc4+ bxc4 21.c3 Rab8 22.g4 Re5 23.Rh2 Ne8 24.Nh3
Ra5 25.Be3 Qb5 26.b4 cxb3 27.axb3 Ra1+ 0-1

[Event "Washington Open Championship"]
[Site "Lynnwood, WA"]
[Date "2015.05.23"]
[Round "2"]
[White "Allen Robert  (WA)"]
[Black "Ahluwalia Anshul  (WA)"]
[Result "0-1"]
[WhiteElo "1744"]
[BlackElo "1484"]
[Annotator ""]
[Source ""]
[Remark "Premier"]

1.d4 d5 2.c4 e6 3.Nc3 Nf6 4.Bg5 Nbd7 5.Nf3 c6 6.e3 Qa5 7.Nd2
Bb4 8.Bxf6 Nxf6 9.Qc2 Ne4 10.Ndxe4 dxe4 11.Be2 e5 12.O-O exd4
13.Qxe4+ Be6 14.Qxd4 O-O 15.Rfc1 Rad8 16.Qh4 Rd2 17.Rd1 Bxc3
18.Bd3 Rxd3 19.Rxd3 Bxb2 20.Rad1 Bf6 21.Qf4 h6 22.a3 Re8 23.Rb1
Bf5 24.e4 Bxe4 25.Re3 Bg5 26.Rxe4 Bxf4 27.Rxe8+ Kh7 28.Rxb7 Qxa3
29.Rxf7 Qc1+ 0-1

[Event "Washington Open Championship"]
[Site "Lynnwood, WA"]
[Date "2015.05.23"]
[Round "2"]
[White "Wilke Daniel  (WA)"]
[Black "Munsey Michael  (WA)"]
[Result "1/2-1/2"]
[WhiteElo "884"]
[BlackElo "1342"]
[Annotator ""]
[Source ""]
[Remark "Booster"]

1.e4 d6 2.d4 Nf6 3.Nc3 g6 4.Bg5 Bg7 5.e5 dxe5 6.dxe5 Qxd1+ 7.Rxd1
Nfd7 8.f4 f6 9.exf6 exf6 10.Bh4 c6 11.Nf3 Nb6 12.Ne4 O-O 13.Rd6
f5 14.Nc3 Bxc3+ 15.bxc3 Re8+ 16.Ne5 Be6 17.a3 Nd5 18.Bc4 Nxf4
19.Bxe6+ Nxe6 20.O-O Nc7 21.Nd7 Nxd7 22.Rxd7 Nb5 23.Rxb7 Nxa3
24.g4 Nxc2 25.gxf5 Ne3 26.fxg6 hxg6 27.Rff7 Nf5 28.Bf2 a5 29.Ra7
a4 30.Bc5 Re1+ 31.Kf2 Rxa7 32.Rxa7 Rc1 1/2-1/2

[Event "Washington Open Championship"]
[Site "Lynnwood, WA"]
[Date "2015.05.23"]
[Round "2"]
[White "Mitchell Mika  (WA)"]
[Black "Hou Frank  (WA)"]
[Result "1-0"]
[WhiteElo "1807"]
[BlackElo "1684"]
[Annotator ""]
[Source ""]
[Remark "Premier"]

1.e4 c5 2.Nc3 Nc6 3.f4 d6 4.Nf3 g6 5.Bc4 Bg7 6.O-O Nf6 7.d3 O-O
8.Qe1 e6 9.f5 exf5 10.Qh4 Ng4 11.Bg5 Bf6 12.h3 Bxg5 13.Nxg5 h6
14.hxg4 hxg5 15.Qh6 f4 16.Qxg6+ Kh8 17.Qh6+ Kg8 18.Nd5 b5 19.Nf6+
Qxf6 20.Qxf6 bxc4 21.Qxg5+ Kh8 22.Rf3 Bxg4 23.Qxg4 Ne5 24.Rh3# 1-0

[Event "Washington Open Championship"]
[Site "Lynnwood, WA"]
[Date "2015.05.23"]
[Round "2"]
[White "Cozianu Costin  (WA)"]
[Black "Zhang Derek  (WA)"]
[Result "1-0"]
[WhiteElo "2455"]
[BlackElo "2122"]
[Annotator ""]
[Source ""]
[Remark "Open"]

1.e4 e6 2.d4 d5 3.e5 c5 4.c3 Nc6 5.Nf3 Qb6 6.a3 a5 7.Bd3 Bd7
8.O-O cxd4 9.cxd4 Nxd4 10.Nxd4 Qxd4 11.Nc3 Qb6 12.Kh1 Ne7 13.Qe2
Nc6 14.Nb5 Nxe5 15.Be3 Qd8 16.Rac1 Bxb5 17.Bxb5+ Nc6 18.Rxc6
bxc6 19.Bxc6+ Ke7 20.Bc5+ Kf6 21.Bd4+ Ke7 22.Bc5+ Kf6 23.Qf3+
Kg6 24.Qg3+ Qg5 25.Qxg5+ Kxg5 26.Be3+ Kf5 27.Bxa8 Bxa3 28.Bxd5
Bxb2 29.Bb3 Bc3 30.Rc1 Bb4 31.h3 Re8 32.g4+ Ke5 33.Kg2 g6 34.f4+
Ke4 35.Kf2 Kd3 36.Rc7 Be1+ 37.Kf3 1-0

[Event "Washington Open Championship"]
[Site "Lynnwood, WA"]
[Date "2015.05.23"]
[Round "1"]
[White "Kam Ethan  (WA)"]
[Black "Kypriotakis Kyriakos  (OR)"]
[Result "0-1"]
[WhiteElo "1245"]
[BlackElo "816"]
[Annotator ""]
[Source ""]
[Remark "Booster"]

1.e4 c5 2.Nf3 d6 3.d4 cxd4 4.Nxd4 Nf6 5.Nc3 g6 6.Be3 Ng4 7.Qe2
Nxe3 8.Qxe3 Bg7 9.Bc4 O-O 10.O-O-O a6 11.h4 e5 12.Nf3 Bg4 13.Kb1
Nc6 14.Be2 Nd4 15.Qd3 Qb6 16.Nxd4 Bxe2 17.Ndxe2 Qxf2 18.Qf3 Qb6
19.Nd5 Qd8 20.h5 Rc8 21.Nec3 b5 22.h6 Bh8 23.a3 f5 24.Rdf1 Rc4
25.Ne3 Rd4 26.Ne2 Rxe4 27.Nc3 Rd4 28.g3 e4 29.Qf2 b4 30.Ne2 Rd2
31.Qe1 Qf6 32.c3 Rd3 33.Nf4 bxc3 34.Ned5 c2+ 0-1

[Event "Washington Open Championship"]
[Site "Lynnwood, WA"]
[Date "2015.05.23"]
[Round "2"]
[White "Fagundes Frank  (WA)"]
[Black "Kuhner Mary  (WA)"]
[Result "1/2-1/2"]
[WhiteElo "1792"]
[BlackElo "1843"]
[Annotator ""]
[Source ""]
[Remark "Premier"]

1.Nf3 e6 2.c4 f5 3.d4 Nf6 4.Nc3 Bb4 5.Bg5 O-O 6.Qb3 Bxc3+ 7.Qxc3
b6 8.e3 Bb7 9.Be2 d6 10.O-O Nbd7 11.Rfd1 Qe8 12.Bxf6 Nxf6 13.d5
Ne4 14.Qe1 e5 15.Nd2 Qg6 16.f3 Nf6 17.Qg3 Qh6 18.f4 Rae8 19.Bf3
Bc8 20.Re1 Rf7 21.Rad1 Rfe7 22.Qg5 exf4 23.Qxh6 gxh6 24.Nb3 fxe3
25.Nd4 Bd7 26.b4 f4 27.Ne2 Ne4 28.Nxf4 Ng5 29.Bh5 Rf8 30.Rd4
Re4 31.Rxe4 Nxe4 32.Ne6 Rf6 33.Rxe3 Bxe6 34.Rxe4 Bf7 1/2-1/2

[Event "Washington Open Championship"]
[Site "Lynnwood, WA"]
[Date "2015.05.23"]
[Round "1"]
[White "Chen Brian  (WA)"]
[Black "Richards Jerrold  (WA)"]
[Result "1-0"]
[WhiteElo "1581"]
[BlackElo "1446"]
[Annotator ""]
[Source ""]
[Remark "Reserve"]

1.e4 e6 2.d4 d5 3.Nd2 dxe4 4.Nxe4 Nd7 5.Nf3 Ngf6 6.Bd3 Nxe4 7.Bxe4
Nf6 8.Bg5 Be7 9.Bxf6 Bxf6 10.O-O O-O 11.c3 c6 12.Qb3 g6 13.c4
Qc7 14.d5 Bd7 15.Rad1 cxd5 16.cxd5 exd5 17.Bxd5 Bf5 18.Rc1 Qf4
19.Qxb7 Rac8 20.Rxc8 Rxc8 21.Qxf7+ 1-0

[Event "Washington Open Championship"]
[Site "Lynnwood, WA"]
[Date "2015.05.24"]
[Round "1"]
[White "Wu Ethan  (WA)"]
[Black "Jiang Andrew  (WA)"]
[Result "1-0"]
[WhiteElo "1200"]
[BlackElo "707"]
[Annotator ""]
[Source ""]
[Remark "Booster -- Two Day"]

1.c4 d5 2.cxd5 Qxd5 3.Nc3 Qa5 4.e4 e5 5.Nf3 Nf6 6.Bc4 Be6 7.Bxe6
fxe6 8.O-O Nbd7 9.d3 Bb4 10.Qc2 O-O-O 11.a3 Bc5 12.Bd2 c6 13.b4
Qc7 14.bxc5 Nxc5 15.Be3 Nxd3 16.Qb3 Kb8 17.Rfd1 Rhe8 18.Rab1
Ng4 19.Na4 Nxe3 20.fxe3 Nf4 21.Rxd8+ Rxd8 22.exf4 exf4 23.Nc5
Qe7 24.Ne5 Rd6 25.Nxb7 1-0

[Event "Washington Open Championship"]
[Site "Lynnwood, WA"]
[Date "2015.05.24"]
[Round "1"]
[White "Nguyen Danny  (WA)"]
[Black "Menkov Artjom  (WA)"]
[Result "0-1"]
[WhiteElo "860"]
[BlackElo "1504"]
[Annotator ""]
[Source ""]
[Remark "Reserve -- Two Day"]

1.e4 c5 2.Nf3 Nc6 3.g3 d6 4.d3 Nf6 5.c3 Bg4 6.Bg2 g6 7.O-O Bg7
8.Nbd2 O-O 9.Qc2 Rc8 10.d4 cxd4 11.Nb3 dxc3 12.Qxc3 Nxe4 13.Qe3
Nf6 14.Re1 Qd7 15.Bd2 Bh3 16.Nbd4 Bxg2 17.Kxg2 Ng4 18.Qd3 Nge5
19.Qe2 Nxf3 20.Nxf3 Bxb2 21.Bh6 Bxa1 22.Bxf8 Bf6 23.Bh6 e6 24.Qe4
Ne7 25.Bg5 Bxg5 26.Nxg5 Qc6 27.Kh3 Qxe4 28.Nxe4 d5 29.Nf6+ Kg7
30.Nd7 Rc2 31.Rb1 b6 32.Ne5 Rxf2 33.Rc1 f6 34.Rc7 fxe5 35.Rxe7+
Kf6 36.Rxa7 e4 37.Rxh7 e3 0-1

[Event "Washington Open Championship"]
[Site "Lynnwood, WA"]
[Date "2015.05.24"]
[Round "1"]
[White "Campbell Tim  (WA)"]
[Black "Michaels Trey  (WA)"]
[Result "0-1"]
[WhiteElo "1713"]
[BlackElo "1786"]
[Annotator ""]
[Source ""]
[Remark "Premier -- Two Day"]

1.e4 c5 2.Nf3 d6 3.d4 cxd4 4.Qxd4 Nc6 5.Bb5 Bd7 6.Bxc6 Bxc6 7.Nc3
e5 8.Qd3 Be7 9.Be3 Nf6 10.O-O-O O-O 11.h3 Qc7 12.Bg5 Rfd8 13.Bxf6
Bxf6 14.Nd5 Bxd5 15.Qxd5 Rac8 16.c3 Qb6 17.Qd2 Qa5 18.Qd5 Rc5
19.Qb3 Rdc8 20.Rxd6 Rxc3+ 21.bxc3 Rxc3+ 22.Kb2 Rxb3+ 23.axb3
Be7 24.Ra1 Qxa1+ 25.Kxa1 Bxd6 26.Nd2 b5 27.Kb2 Kf8 28.Nb1 Bb4
29.Nc3 Bxc3+ 30.Kxc3 a5 31.f4 exf4 32.Kd4 a4 33.bxa4 bxa4 34.Kc4
Ke7 0-1

[Event "Washington Open Championship"]
[Site "Lynnwood, WA"]
[Date "2015.05.24"]
[Round "1"]
[White "Saputra Yogi  (OR)"]
[Black "Wang James  (WA)"]
[Result "1-0"]
[WhiteElo "2106"]
[BlackElo "1874"]
[Annotator ""]
[Source ""]
[Remark "Open -- Two Day"]

1.d4 d5 2.c4 c6 3.Nf3 Nf6 4.Nc3 e6 5.e3 Nbd7 6.Bd3 dxc4 7.Bxc4
b5 8.Bd3 a6 9.a4 Bb7 10.O-O Be7 11.axb5 cxb5 12.Re1 O-O 13.e4
Re8 14.Bg5 Nf8 15.e5 Nd5 16.Ne4 h6 17.Nd6 hxg5 18.Nxb7 Qc7 19.Nc5
Bxc5 20.dxc5 Qxc5 21.Nxg5 Qe7 22.Qh5 g6 23.Qg4 Red8 24.Be4 f5
25.exf6 Nxf6 26.Qg3 Nxe4 27.Rxe4 Qd6 28.Qg4 e5 29.Rae1 Re8 30.h4
Ra7 31.h5 gxh5 32.Qxh5 Qg6 33.Qh3 Rg7 34.f4 Nh7 35.Qb3+ Kh8 36.Rxe5
Rxe5 37.Rxe5 Nxg5 38.fxg5 Qb6+ 39.Kf1 Qc6 40.Qe3 Qg6 41.Re8+
Rg8 42.Qh3+ Kg7 43.Qd7+ Kh8 44.Qd4+ Kh7 45.Re7+ Rg7 46.Rxg7+
Qxg7 47.Qxg7+ Kxg7 48.Ke2 a5 49.Kd3 a4 50.Kc3 1-0

[Event "Washington Open Championship"]
[Site "Lynnwood, WA"]
[Date "2015.05.24"]
[Round "1"]
[White "Thomas Damarcus  (WA)"]
[Black "Feng Roland  (WA)"]
[Result "0-1"]
[WhiteElo "1978"]
[BlackElo "2345"]
[Annotator ""]
[Source ""]
[Remark "Open -- Two Day"]

1.e4 e6 2.d4 d5 3.Nd2 Nf6 4.e5 Nfd7 5.Bd3 c5 6.c3 Nc6 7.Ne2 Qb6
8.Nf3 cxd4 9.cxd4 f6 10.exf6 Nxf6 11.O-O Bd6 12.Nc3 a6 13.a3
O-O 14.Bc2 Bd7 15.Qd3 Be8 16.Qe3 Bf7 17.Ng5 Nxd4 18.Rd1 e5 19.Ba4
Bh5 20.Rd2 Qc7 21.h3 h6 22.Rxd4 exd4 23.Qe6+ Kh8 24.Nxd5 Nxd5
25.Qxd5 hxg5 26.Qxg5 Qc5 27.Qh4 Be7 28.Qe4 Rac8 29.Bd2 a5 30.g4
Bf7 31.b4 Qd6 32.g5 Kg8 33.Re1 Bd8 34.bxa5 Bc7 35.f4 Bg6 36.Qf3
Rxf4 37.Bb3+ Kh7 38.Qg2 Rcf8 39.Bb4 Qd8 40.Bxf8 Qxf8 41.Re6 d3
42.a6 Qc5+ 43.Kh2 Rf1+ 0-1

[Event "Washington Open Championship"]
[Site "Lynnwood, WA"]
[Date "2015.05.24"]
[Round "1"]
[White "Hendricks David  (WA)"]
[Black "Tien Sophie  (WA)"]
[Result "0-1"]
[WhiteElo "1672"]
[BlackElo "1276"]
[Annotator ""]
[Source ""]
[Remark "Reserve -- Two Day"]

1.e4 c5 2.Nf3 Nc6 3.d4 cxd4 4.Nxd4 Nf6 5.Nc3 e5 6.Ndb5 d6 7.Bg5
a6 8.Bxf6 gxf6 9.Na3 b5 10.Nd5 f5 11.exf5 Bxf5 12.Qd2 Rc8 13.Bd3
e4 14.Qe3 Bh6 15.Qxh6 exd3 16.cxd3 Qa5+ 17.Qd2 Bxd3 18.Nf6+ Ke7
19.Nd5+ Kd8 20.Qxa5+ Nxa5 21.Kd2 Be4 22.Ne3 b4 23.Nac2 Nc4+ 24.Nxc4
Rxc4 25.Ne3 Rd4+ 26.Ke2 Re8 27.Rhg1 f5 28.g3 h5 29.h4 Bd3+ 30.Kf3
Bb5 31.Rac1 Rd2 32.Nxf5 Ree2 33.Ng7 Rxf2+ 34.Ke4 Be8 35.Nxe8
Kxe8 36.Rc6 d5+ 37.Ke5 Rfe2+ 38.Kd6 Rxb2 {'time'} 0-1

[Event "Washington Open Championship"]
[Site "Lynnwood, WA"]
[Date "2015.05.24"]
[Round "1"]
[White "Pupols Viktors  (WA)"]
[Black "Tafalla Gabriel  (WA)"]
[Result "1/2-1/2"]
[WhiteElo "2207"]
[BlackElo "1940"]
[Annotator ""]
[Source ""]
[Remark "Open -- Two Day"]

1.c4 e5 2.Nc3 d6 3.g3 f5 4.Bg2 Nf6 5.d3 c6 6.e4 Be7 7.Nge2 O-O
8.O-O Be6 9.b3 Qd7 10.d4 Na6 11.d5 cxd5 12.cxd5 Bf7 13.Bh3 Bg6
14.f3 Ne8 15.Be3 Qd8 16.exf5 Bxf5 17.Bxf5 Rxf5 18.Ne4 Rc8 19.Qd2
b6 20.b4 Qd7 21.a3 Qa4 22.N4c3 Qd7 23.g4 Rf8 24.Ne4 Nac7 25.a4
Nf6 26.Nxf6+ Bxf6 27.g5 Be7 28.b5 Rf7 29.Ng3 Rcf8 30.Kg2 g6 31.Rac1
Ne8 32.f4 exf4 33.Rxf4 Rxf4 34.Bxf4 Qg4 35.Rf1 Ng7 36.h3 Qd7
37.Qe2 Nf5 38.Qe6+ Qxe6 39.dxe6 Nd4 40.Ne4 Nxe6 41.Bxd6 Rxf1
42.Kxf1 Bxd6 43.Nxd6 Nxg5 44.Kg2 1/2-1/2

[Event "Washington Open Championship"]
[Site "Lynnwood, WA"]
[Date "2015.05.24"]
[Round "1"]
[White "Raj Vishruth  (WA)"]
[Black "Bodge Nicholas  (WA)"]
[Result "0-1"]
[WhiteElo "360"]
[BlackElo "1002"]
[Annotator ""]
[Source ""]
[Remark "Booster -- Two Day"]

1.Nf3 c6 2.g3 d5 3.Bg2 Bf5 4.d3 Nd7 5.O-O e5 6.Nc3 e4 7.Nd4 Bg6
8.Bf4 Ngf6 9.Re1 Bc5 10.Nb3 O-O 11.Nxc5 Nxc5 12.d4 Ne6 13.Be5
Ng4 14.Bh3 Nxe5 15.dxe5 Re8 16.Bxe6 Rxe6 17.f4 exf3 18.exf3 Qb6+
19.Kg2 Rae8 20.f4 Qxb2 21.Qd2 Bxc2 22.Rec1 d4 23.Na4 Be4+ 24.Kg1
Qxd2 25.Kf1 Qg2+ 26.Ke1 d3 27.Nc5 d2+ 28.Kd1 dxc1Q+ 29.Rxc1 Rd8+
30.Ke1 Qd2+ 31.Kf1 Qxc1+ 32.Kf2 Qxc5+ 33.Kf1 Qc2 34.Kg1 Rd1# 0-1

[Event "Washington Open Championship"]
[Site "Lynnwood, WA"]
[Date "2015.05.24"]
[Round "2"]
[White "Feng Roland  (WA)"]
[Black "Colasurdo James  (WA)"]
[Result "1-0"]
[WhiteElo "2345"]
[BlackElo "2047"]
[Annotator ""]
[Source ""]
[Remark "Open -- Two Day"]

1.d4 Nf6 2.c4 d6 3.Nf3 g6 4.Nc3 Bg7 5.Bg5 h6 6.Bh4 O-O 7.e3 Na6
8.Be2 c5 9.d5 Nc7 10.h3 Bd7 11.a4 Rb8 12.Bd3 a6 13.a5 b6 14.axb6
Rxb6 15.Qc2 Qb8 16.Rb1 a5 17.e4 Na6 18.Be2 Qb7 19.Nd2 Rb8 20.b3
Nb4 21.Qc1 Ne8 22.O-O e5 23.dxe6 fxe6 24.Bg3 Nc6 25.Nb5 e5 26.Nf3
Nd4 27.Nfxd4 cxd4 28.f4 Nc7 29.Nxc7 Qxc7 30.Qc2 Qc5 31.Bd3 Bf8
32.Kh2 g5 33.fxg5 hxg5 34.Qf2 Be6 35.Qf6 Qc8 36.Qg6+ Kh8 37.c5
Rxb3 38.cxd6 Bg7 39.Rxb3 Rxb3 40.Rf6 Bxh3 41.Rf7 Qg8 42.Bc4 1-0

[Event "Washington Open Championship"]
[Site "Lynnwood, WA"]
[Date "2015.05.24"]
[Round "2"]
[White "Grassy Brock  (WA)"]
[Black "Strong Edward  (WA)"]
[Result "1-0"]
[WhiteElo "1464"]
[BlackElo "1633"]
[Annotator ""]
[Source ""]
[Remark "Reserve -- Two Day"]

1.e4 c5 2.Nf3 d6 3.d4 cxd4 4.Nxd4 Nf6 5.Nc3 a6 6.Be3 e6 7.Be2
Be7 8.Qd2 Nbd7 9.f3 b5 10.g4 Ne5 11.g5 Nfd7 12.f4 Ng6 13.h4 h6
14.f5 exf5 15.exf5 Nge5 16.g6 Bxh4+ 17.Kd1 Nf8 18.gxf7+ Nxf7
19.Bf3 Ne5 20.Bxa8 Nc4 21.Qe2 Qa5 22.Bg5+ Be6 23.Bc6+ Kf7 24.fxe6+
Kg8 25.Bxh4 Nxb2+ 26.Kc1 Qxc3 27.e7 Ng6 28.e8Q+ Kh7 29.Qxg6+
Kxg6 30.Qe4+ Kf7 31.Qe6+ 1-0

[Event "Washington Open Championship"]
[Site "Lynnwood, WA"]
[Date "2015.05.24"]
[Round "2"]
[White "Jung Trevor  (WA)"]
[Black "Campbell Tim  (WA)"]
[Result "0-1"]
[WhiteElo "1644"]
[BlackElo "1713"]
[Annotator ""]
[Source ""]
[Remark "Premier -- Two Day"]

1.e4 c5 2.Nf3 Nc6 3.Bb5 g6 4.c3 Bg7 5.O-O Nf6 6.Re1 O-O 7.d3
d5 8.Nbd2 Qc7 9.Nf1 Bd7 10.Ng3 e6 11.Be3 Ne5 12.Bxd7 Nexd7 13.Qd2
Rfd8 14.Bh6 dxe4 15.dxe4 Ne5 16.Qf4 Nxf3+ 17.Qxf3 Bxh6 18.Qxf6
Rd2 19.b3 Bg7 20.Qg5 Bxc3 21.Rac1 Qe5 22.Qxe5 Bxe5 23.Rxc5 Bd4
24.Rc7 Bxf2+ 25.Kf1 Bxe1 26.Kxe1 Rxg2 0-1